Times por Escudo - Bundesliga 24/25 - Statistics

Estatísticas Gerais
  • Esse quiz foi jogado 84 vezes
  • A pontuação média é 13 de 18
Estatísticas das Respostas
Imagem Resposta % Correto
Bayern de Munique
97%
Borussia Dortmund
93%
RB Leipzig
93%
Bayer Leverkusen
90%
Eintracht Frankfurt
89%
Stuttgart
80%
Werder Bremen
77%
Wolfsburg
77%
Hoffenheim
75%
Union Berlin
73%
Borussia Monchengladbach
69%
Mainz
66%
Freiburg
63%
Augsburg
55%
St. Pauli
55%
Bochum
52%
Heidenheim
30%
Holstein Kiel
17%
Nenhum quiz correspondente encontrado
Distribuição das Pontuações
Porcentagem de Pessoas com Cada Pontuação
Percentil de Números Respondidos
Sua Pontuação Histórica
Você não jogou esse quiz